[Event "Ciocaltea mem"]
[Site "Bucharest"]
[Date "2001.03.13"]
[Round "10"]
[White "Navrotescu , Catalin"]
[Black "Motylev, Alexander"]
[Result "1/2-1/2"]
[WhiteElo "2451"]
[BlackElo "2570"]
[Annotator "Hazai"]
[PlyCount "105"]
[EventDate "2001.03.04"]
[EventType "tourn"]
[Source "ChessBase"]
[SourceDate "2001.05.27"]

1. d4 Nf6 2. c4 g6 3. Nc3 Bg7 4. e4 d6 5. h3 O-O 6. Bg5 c6 (6... Na6 {
is the main line, but it can transpose to the text, for example:} 7. Bd3 e5 8.
d5 Nc5 9. Bc2 a5 10. Nge2 c6) 7. Bd3 Na6 8. Nge2 (8. Nf3 e5 9. d5 {E90}) (8.
Qd2 e5 9. d5) 8... e5 9. d5 Qb6 {The Q can be exposed here.} (9... Nc5 $1 {
is the logical continuation and the main line.} 10. Bc2 a5 (10... Qb6 11. O-O
cxd5 12. cxd5 (12. Bxf6 {
creates a wonderful N on d5, but loses the control over the dark squares.} Bxf6
13. Nxd5 Qd8 14. b4 Ne6 $1 15. Nxf6+ Qxf6 16. Qd2 b6 $1 $11 {
and White's B has no perspectives.}) 12... Bd7 (12... Qxb2 $5 {
looks risky, but a clear-cut refutation cannot be found:} 13. Rb1 Qa3 14. Nb5
Qxa2 15. Nxd6 Qa5 $13) 13. Rb1 {/\ b4} a5 14. Qd2 (14. a3 a4) 14... Rfc8 15.
Kh1 Qd8 {/\ b5-b4} (15... Be8 $5 {vacates the d7 square for the knights.} 16.
f4 $6 exf4 17. Nxf4 Nfd7 $15) 16. a3 $1 (16. f4 $2 h6 $140 17. Bh4 Nfxe4 $1)
16... a4 17. Rbe1 Ra6 $5 18. Nc1 Qa5 $1 19. Bb1 {
(Ivanchuk-Kasparov, Novgorod 61/623 1994)} (19. Nd3 $2 Ncxe4 $1) (19. N1a2 {
/\ Nb4} Rb6 $1 {preparing for the positional exchange sacrifice.} 20. Nb4 Rxb4
21. axb4 Qxb4 $44) 19... Bb5 20. Nxb5 Qxb5 21. Bd3 Nxd3 22. Nxd3 Raa8 $13) 11.
O-O Bd7 {- Neidhardt-Kachiani, BL 2001 CBM 82}) (9... cxd5 10. cxd5 (10. Nxd5 {
again gives Black an active play on the dark squares, meanwhile the pin on the
h4-d8 /^ cannot be strengthen easily.} Nc5 11. Bc2 Ne6 $1 12. Be3 Nxd5 13. cxd5
Nf4 $1 14. Nxf4 exf4 15. Bxf4 Bxb2 16. Rb1 Qa5+ 17. Bd2 Bc3 18. Bxc3 Qxc3+ 19.
Qd2 Qxd2+ 20. Kxd2 f5 21. f3 b6 22. Rbc1 fxe4 23. Bxe4 Bb7 $11 {
Chernin-Zuger, Bern op 1995}) (10. exd5 {Now the P structure is dramatically
changed. White wants to play b4 on the <<, or sometimes f4 on the >>.} h6 11.
Be3 Bd7 (11... Nc5 12. Bc2) 12. Qd2 Kh7 13. O-O Nc5 14. Bc2 Rc8 {
This is a completely useless move.} (14... a5 $5) 15. f4 exf4 16. Bxf4 Nh5 $2 {
Bad calculation} (16... Ne8 {was better.}) 17. Bxd6 Qb6 18. Bxf8 Rxf8 (18...
Ne4+ 19. c5 $18) 19. Kh1 $18 {Potapov-Cherevatenko, Ceske Budejovice 1995})
10... Nc5 11. Bc2 a5 (11... Qb6 {runs into} 12. Rb1 {/\ b4} a5 13. a3 {
/\ b4, but there is no defence against it.} Bd7 14. b4 axb4 15. axb4 Na6 {
Now the N is badly placed again.} 16. Be3 Qc7 17. O-O Rfc8 18. Bd3 Qd8 19. Qd2
Nh5 20. Rfc1 f5 21. f3 f4 22. Bf2 Bf6 {/\ Bh4} 23. Qe1 $16 {
Grivas-Dokimakis, Iraklio tt 1994}) 12. O-O Bd7) (9... Nb4 10. Bb1 {
The B has to retreat, but the N has to go back as well.} cxd5 11. cxd5 a5 12.
a3 (12. a4 $6 {weakens unnecessarily the dark squares.} Bd7 $13 {
Heinatz-Brustman, Debrecen EU-cht 1992}) 12... Na6 13. Bc2 $14 {/\ b4}) (9...
h6 10. Be3 cxd5 11. cxd5 Bd7 12. O-O Qb8 13. a3 Nc5 (13... b5 14. b4 $16) 14.
Bc2 a5 15. Qd2 Kh7 16. b4 $1 axb4 17. axb4 Rxa1 18. Rxa1 $14 {
and the N has to retreat, P.Varga-Olesen, Budapest 1994.}) 10. Na4 (10. O-O {
leads only to a draw after} Qxb2 (10... Nc5 {
1/2:1/2 P.Varga-Groszpeter, Zalakaros op 1995}) 11. Na4 Qa3 12. Bc1 Qb4 13. Bd2
Qa3 $10) (10. Be3 Nc5 (10... Qxb2 $2 {is now inferior because of} 11. a3 {
and the Q is trapped.} Nc5 12. Bxc5 dxc5 13. Na4 $18) 11. Rb1 Nxd3+ 12. Qxd3
Qa6 $13) (10. Qd2 Nc5) (10. a3 cxd5 (10... Nc5 $5) 11. Bxf6 (11. cxd5 Nc5)
11... Bxf6 12. Nxd5 Qd8 $10) (10. b3 cxd5 11. cxd5 Nc5 12. Bc2 Bd7 13. O-O a5
14. a3 Rfc8 15. Rb1 $142 $14 {/\ b4 Poluliakhov} (15. Be3 Qd8 16. Rb1 {
is the logical prophylactic move in this case.} (16. b4 $6 {
is premature in view of} axb4 17. axb4 Na6 18. Rb1 (18. Qb1 $2 Nh5 $1 $36 {
Chernin-Poluliakhov, New York (open) 1996 Inf.66/498}) 18... Nh5 $5 {
/\ Nf4 with pressure on <-> c.}))) 10... Qa5+ 11. Bd2 Qd8 {
Now the Q has returned to her basis, but the white pieces are rather confused.}
(11... Qc7 12. O-O) 12. O-O (12. Ng3 $5 h5 13. Bg5) 12... b5 $5 {
This aggressive plan is the main threat.} 13. cxb5 cxb5 14. Bxb5 (14. Nac3 Nc5
$132) 14... Nxe4 {
In most of the cases this is a favourable exchange of pawns for Black.} 15. Be3
Rb8 16. Nec3 (16. Bd3 Nec5 (16... Nac5 17. Bxe4 Nxe4 18. f3 Nf6 19. Bxa7 $14 {
wins the P, although Black has some compensation for it.}) 17. Bxa6 Bxa6 18.
Nxc5 dxc5 $132 {with very active black pieces, ^^.}) 16... Nxc3 17. Nxc3 Nc7
18. Bc4 (18. Bc6 Rxb2 19. Qc1 Rb4 20. Bxa7 Rc4 $13) 18... f5 (18... Rxb2 {
is premature because of} 19. Bb3 (19. Bxa7 Qh4 $132) 19... Ba6 20. Re1 $14) 19.
f3 (19. Bxa7 Rxb2 20. Bb3 (20. f3 {- 19.f3}) 20... Bh6 $1 $132 {/\ Rd2} (20...
Ba6 21. Re1 Bh6 22. Be3 Bxe3 23. Rxe3 Qh4 24. Qe1 $14)) 19... Rxb2 $15 20. Bxa7
(20. Bb3 Ba6 21. Re1 e4 $36 {and Black's ^^ dominates the board.}) 20... e4 (
20... Qg5 $5 {is a serious alternative, for example:} 21. Bf2 (21. Rf2 Rb7 22.
f4 Qh4 23. Be3 g5 $17) 21... e4 $36) 21. Ne2 (21. Na4 Rb4 $15) (21. Bd4 Qg5 $19
) 21... Ba6 ({or simply} 21... Nb5 22. Bxb5 Rxb5 $15) 22. Rc1 (22. Bxa6 Nxa6
23. Nf4 (23. Bd4 Bxd4+ 24. Nxd4 Qg5 $40) 23... Qg5 24. Be3 Be5 $36 {
with attacking chances on the >>.}) 22... Bxc4 23. Rxc4 Nb5 24. Be3 exf3 25.
Rxf3 Rxa2 $17 {Black is a healthy P up.} 26. Nf4 Ra1 (26... Qg5 27. Qf1 Ra1 $17
) 27. Rc1 Nc3 (27... Rxc1 28. Bxc1 Nd4 $17 {was also tempting.}) 28. Qd3 Rxc1+
29. Bxc1 Qb6+ (29... Re8 $5 {deserved attention, for example:} 30. Ne6 Qa5 31.
Bd2 (31. Nxg7 Ne2+ 32. Kh2 Nxc1 33. Qc3 Qxc3 34. Rxc3 Kxg7 35. Rxc1 Re5 $19)
31... Qb6+ (31... Qxd5 32. Nxg7 Ne2+ 33. Kf2 Qxd3 34. Rxd3 Kxg7 35. g3) 32. Kh2
Ne4 $17) 30. Be3 Qb5 31. Qxb5 Nxb5 32. Ne6 Rc8 33. g4 fxg4 34. hxg4 Be5 35. Bb6
{Black didn't play exactly the technical phase, but this is a real mistake.}
Nc3 $2 (35... Re8) 36. Bd8 $1 {Now Black is forced to liquidate for a R _|_,
which is usually not a guarantee for a win.} Ne2+ 37. Kf2 Nf4 38. Nxf4 Bxf4 39.
Rxf4 Rxd8 40. Kg3 $11 {/\ Rf6} Kg7 41. Re4 {/\ Re6 with a very active R.} Ra8
42. Re6 Ra3+ 43. Kf4 Ra4+ 44. Kg3 Kh6 45. Kh4 $1 {
Concentration is still required!} (45. Rxd6 $4 Kg5 $1) 45... Kg7 46. Kg3 Ra6
47. g5 {totally blockading the position.} Kf7 48. Kg4 Ra4+ 49. Kg3 Rd4 50. Rxd6
Ke7 51. Re6+ Kd7 52. Rf6 Ke7 53. Re6+ 1/2-1/2

[Event "ROM-chT"]
[Site "Sovata"]
[Date "2001.03.25"]
[Round "5"]
[White "Navrotescu , Catalin"]
[Black "Rogozenco, Dorian"]
[Result "1/2-1/2"]
[WhiteElo "2451"]
[BlackElo "2527"]
[PlyCount "68"]
[EventDate "2001.03.??"]
[EventType "team"]
[EventCountry "ROM"]
[Source "ChessBase"]
[SourceDate "2002.11.25"]

1. d4 Nf6 2. c4 g6 3. Nf3 Bg7 4. g3 O-O 5. Bg2 c6 6. O-O d5 7. cxd5 cxd5 8. Nc3
e6 9. b3 Nc6 10. e3 Ne4 11. Nxe4 dxe4 12. Nd2 f5 13. Ba3 Rf7 14. Qc2 Rc7 15.
Rac1 b6 16. Rfd1 Bb7 17. Qc4 Qe8 18. Qb5 Rd7 19. Nb1 Ne5 20. Rc2 Nd3 21. Bf1 e5
22. dxe5 Rad8 23. Rcd2 Qxe5 24. Qa4 b5 25. Qa5 Bc6 26. Bb4 Nxb4 27. Rxd7 Rxd7
28. Rxd7 Bxd7 29. Qxb4 h5 30. h4 Kh7 31. Na3 a6 32. Qa5 Qb2 33. Qxa6 Qxa2 34.
Qb7 Qxa3 1/2-1/2

[Event "ROM-ch"]
[Site "Baile Tusnad"]
[Date "2001.02.14"]
[Round "9"]
[White "Cosma, Ioan"]
[Black "Navrotescu , Catalin"]
[Result "1/2-1/2"]
[WhiteElo "2468"]
[BlackElo "2451"]
[PlyCount "80"]
[EventDate "2001.02.05"]
[Source "ChessBase"]
[SourceDate "2001.03.08"]

1. d4 Nf6 2. Nf3 g6 3. g3 Bg7 4. Bg2 O-O 5. O-O d6 6. b3 e5 7. dxe5 dxe5 8. Ba3
Qxd1 9. Rxd1 Re8 10. Nc3 e4 11. Nd4 a6 12. e3 Nbd7 13. Na4 b5 14. Nc5 Nxc5 15.
Bxc5 Nd7 16. b4 Nxc5 17. bxc5 Bf8 18. c6 f5 19. c3 Rb8 20. Bf1 Re5 21. a4 bxa4
22. Rxa4 Rc5 23. Bxa6 Bxa6 24. Rxa6 Rxc3 25. h3 Bd6 26. Kf1 Rb2 27. Kg1 Kf7 28.
Ra7 Rd3 29. Rxd3 exd3 30. Ra1 Bb4 31. Rd1 d2 32. Kf1 Ke7 33. Ke2 Kd6 34. Kd3
Kd5 35. h4 Ra2 36. Nc2 Ba5 37. Nd4 Bb6 38. Nb3 Kxc6 39. Nxd2 Kd5 40. Rb1 Bc5
1/2-1/2

[Event "ROM-ch"]
[Site "Baile Tusnad"]
[Date "2001.02.16"]
[Round "11"]
[White "Vajda, Levente"]
[Black "Navrotescu , Catalin"]
[Result "1/2-1/2"]
[WhiteElo "2454"]
[BlackElo "2451"]
[PlyCount "216"]
[EventDate "2001.02.05"]
[Source "ChessBase"]
[SourceDate "2001.03.08"]

1. e4 c5 2. c3 d5 3. exd5 Qxd5 4. d4 Nc6 5. Nf3 cxd4 6. cxd4 e5 7. Nc3 Bb4 8.
Be2 exd4 9. O-O Bxc3 10. bxc3 Nge7 11. Nxd4 O-O 12. Nxc6 bxc6 13. Ba3 Re8 14.
Bf3 Qxd1 15. Rfxd1 Be6 16. Re1 Rab8 17. c4 h6 18. h3 Nf5 19. Bxc6 Rec8 20. Rxe6
fxe6 21. Bd7 Nd4 22. Bd6 Rb6 23. Bxc8 Rxd6 24. Bb7 Rd7 25. Ba6 Rd6 26. Bb5 Nxb5
27. cxb5 Rd2 28. a4 Rb2 29. Rc1 Rb4 30. Rc8+ Kh7 31. Ra8 Rxa4 32. b6 Rb4 33.
bxa7 Ra4 34. g4 g5 35. f3 Ra2 36. Kf1 Kg7 37. Ke1 Kh7 38. Kd1 Kg7 39. Kc1 Kh7
40. Kb1 Ra6 41. Kb2 Kg7 42. Kb3 Ra1 43. Kb4 Ra2 44. Kb5 Ra1 45. Kb6 Rb1+ 46.
Kc6 Rc1+ 47. Kd6 Rd1+ 48. Kxe6 Re1+ 49. Kd5 Rd1+ 50. Kc4 Ra1 51. Kb3 Kh7 52.
Kb2 Ra6 53. Kc2 Kg7 54. Kd2 Ra2+ 55. Ke1 Ra1+ 56. Kf2 Ra2+ 57. Kg3 Kh7 58. h4
Kg7 59. h5 Kh7 60. Re8 Rxa7 61. Kf2 Kg7 62. Rd8 Re7 63. Rd6 Kh7 64. Rd3 Kg7 65.
Re3 Ra7 66. Ke2 Ra2+ 67. Kd3 Kf7 68. Kc4 Ra4+ 69. Kb5 Ra1 70. Rc3 Rb1+ 71. Kc4
Ra1 72. Kd3 Ra7 73. Rc5 Rd7+ 74. Ke4 Re7+ 75. Re5 Ra7 76. Rd5 Re7+ 77. Kf5 Ra7
78. Rb5 Kg7 79. Re5 Rf7+ 80. Ke4 Rf4+ 81. Ke3 Rf7 82. Re6 Ra7 83. Rg6+ Kh7 84.
Rd6 Kg7 85. Rc6 Ra3+ 86. Ke4 Ra7 87. Ke5 Re7+ 88. Re6 Ra7 89. Rg6+ Kh7 90. Rd6
Rf7 91. Rd3 Kg7 92. Rc3 Ra7 93. Kd5 Rf7 94. Kd6 Rf6+ 95. Ke5 Rf7 96. Rd3 Re7+
97. Kd6 Rf7 98. Re3 Rf6+ 99. Kd7 Rf4 100. Re7+ Kg8 101. Re6 Kg7 102. Re3 Kf7
103. Rd3 Kg7 104. Kc7 Rc4+ 105. Kd6 Rf4 106. Re3 Kf7 107. Rc3 Kg7 108. Ke5 Rf7
1/2-1/2

[Event "TCh-ROM Sovata ROM"]
[Site "?"]
[Date "2001.??.??"]
[Round "2"]
[White "Navrotescu , Catalin"]
[Black "Popescu, Daniel Dorin"]
[Result "1-0"]
[WhiteElo "2450"]
[BlackElo "2355"]
[Annotator "Unreadable"]
[PlyCount "109"]
[EventDate "2001.??.??"]
[Source " during import"]
[SourceDate "2129920.??.??"]

1. Nf3 Nf6 2. d4 e6 3. c4 b6 4. g3 Bb7 5. Bg2 Be7 6. Nc3 Ne4 7. Bd2 O-O 8. Qc2
f5 9. Rd1 Nxc3 10. Bxc3 Be4 11. Qc1 d5 12. b3 a5 13. O-O a4 14. Ne5 Bxg2 15.
Kxg2 Bd6 16. Nd3 Nc6 17. Qe3 Qd7 18. Qf3 Be7 19. Nf4 axb3 20. axb3 Rfd8 21.
cxd5 exd5 22. Ra1 Rxa1 23. Rxa1 Bg5 24. Nd3 Qe6 25. h4 Bf6 26. Nf4 Qe4 27. e3
Kf7 28. Qxe4 fxe4 29. f3 exf3+ 30. Kxf3 Rd7 31. Be1 Nd8 32. Rc1 c6 33. g4 Ra7
34. g5 Be7 35. Nd3 Ke6 36. Bg3 Bd6 37. Bxd6 Kxd6 38. b4 Ra3 39. Ne5 Ra4 40. g6
hxg6 41. Rg1 Ne6 42. Rxg6 Ra1 43. Nxc6 Kxc6 44. Rxe6+ Kb5 45. Kf4 Kxb4 46.
Rxb6+ Kc4 47. Ke5 Rh1 48. Ra6 Kd3 49. Kxd5 Kxe3 50. Re6+ Kf4 51. Rg6 Kf5 52.
Rxg7 Rxh4 53. Rf7+ Kg6 54. Rf1 Rh8 55. Ke6 1-0

[Event "TCh-ROM Sovata ROM"]
[Site "?"]
[Date "2001.??.??"]
[Round "3"]
[White "Moldovan , Daniel"]
[Black "Navrotescu , Catalin"]
[Result "1/2-1/2"]
[WhiteElo "2430"]
[BlackElo "2450"]
[Annotator "Unreadable"]
[PlyCount "38"]
[EventDate "2001.??.??"]
[Source " during import"]
[SourceDate "2129920.??.??"]

1. e4 c5 2. Nf3 d6 3. Bc4 Nf6 4. d3 g6 5. O-O Bg7 6. h3 O-O 7. Bb3 Nc6 8. c3 e5
9. Nbd2 Be6 10. Re1 Qd7 11. Nf1 h6 12. Ne3 Kh7 13. Bxe6 Qxe6 14. c4 Qd7 15. a3
Nh5 16. Nd5 f5 17. exf5 Qxf5 18. Be3 Rae8 19. Rb1 e4 1/2-1/2

[Event "TCh-ROM Sovata ROM"]
[Site "?"]
[Date "2001.??.??"]
[Round "4"]
[White "Navrotescu , Catalin"]
[Black "Raceanu, Valentin"]
[Result "1-0"]
[WhiteElo "2450"]
[BlackElo "2375"]
[Annotator "Unreadable"]
[PlyCount "80"]
[EventDate "2001.??.??"]
[Source " during import"]
[SourceDate "2129920.??.??"]

1. d4 d5 2. c4 e6 3. Nc3 c6 4. Nf3 Nf6 5. Bg5 dxc4 6. e4 b5 7. e5 h6 8. Bh4 g5
9. Nxg5 hxg5 10. Bxg5 Nbd7 11. g3 Rg8 12. h4 Rxg5 13. hxg5 Nd5 14. g6 fxg6 15.
Qg4 Qe7 16. Bg2 Qf7 17. Be4 Ne7 18. Nxb5 cxb5 19. Bxa8 Nb6 20. Be4 Nbd5 21.
O-O-O Bb7 22. Kb1 c3 23. Qe2 cxb2 24. Kxb2 a6 25. Rc1 Nf5 26. Bxd5 exd5 27. Qd2
Ng7 28. Rh7 Qe7 29. Ka1 Qd8 30. Qd3 Qb6 31. g4 Kf7 32. f4 Kg8 33. Rh2 Bc6 34.
f5 Be8 35. Rch1 gxf5 36. gxf5 Nxf5 37. Qxf5 Qxd4+ 38. Kb1 Bg7 39. Qe6+ Bf7 40.
Qc8+ Bf8 1-0

[Event "Val Thorens 83/554"]
[Site "?"]
[Date "2001.??.??"]
[Round "?"]
[White "Navrotescu , Catalin"]
[Black "Ardelean, George Catalin"]
[Result "*"]
[WhiteElo "2478"]
[BlackElo "2431"]
[Annotator "Nisipeanu,L.-D; Stoica,V"]
[PlyCount "44"]
[EventDate "2001.??.??"]
[Source "Chess Informant"]
[SourceDate "2002.01.01"]

{Chess Informant} 1. d4 g6 2. c4 Bg7 3. Nf3 d6 4. g3 Nf6 5. Nc3 O-O 6. Bg2 Nc6
7. O-O a6 8. d5 Na5 9. Nd2 c5 10. Qc2 Rb8 11. b3 b5 12. Bb2 h5 13. Rae1 h4 14.
e4 e5 15. Ne2 h3 16. Bh1 Ng4 17. Nc1 Bh6 18. f4 bxc4 19. Nxc4 Nxc4 20. Qxc4 Rb4
21. Qe2 exf4 22. gxf4 f5 *

[Event "Victor Ciocaltea Mem"]
[Site "?"]
[Date "2001.??.??"]
[Round "1"]
[White "Navrotescu , Catalin"]
[Black "Ionescu, Constantin"]
[Result "1/2-1/2"]
[WhiteElo "2450"]
[BlackElo "2500"]
[Annotator "Unreadable"]
[PlyCount "22"]
[EventDate "2001.??.??"]
[Source " during import"]
[SourceDate "2129920.??.??"]

1. d4 Nf6 2. c4 e6 3. Nf3 b6 4. g3 Bb7 5. Bg2 Be7 6. Nc3 Ne4 7. Bd2 f5 8. d5
Bf6 9. Rc1 Na6 10. O-O O-O 11. a3 c6 1/2-1/2

[Event "Victor Ciocaltea Mem"]
[Site "?"]
[Date "2001.??.??"]
[Round "5"]
[White "Solak, Dragan"]
[Black "Navrotescu , Catalin"]
[Result "1/2-1/2"]
[WhiteElo "2510"]
[BlackElo "2450"]
[Annotator "Unreadable"]
[PlyCount "60"]
[EventDate "2001.??.??"]
[Source " during import"]
[SourceDate "2129920.??.??"]

1. e4 e6 2. d4 d5 3. Nd2 c5 4. exd5 exd5 5. Bb5+ Nc6 6. Ne2 Nf6 7. O-O Be7 8.
dxc5 Bxc5 9. Nb3 Bb6 10. Ned4 O-O 11. Bxc6 bxc6 12. Nxc6 Qd6 13. Ncd4 Ng4 14.
g3 Qg6 15. Bf4 Re8 16. Qd2 Qh5 17. f3 Nf6 18. g4 Qg6 19. Qd3 Qxd3 20. cxd3 a5
21. a4 Ba6 22. Rfd1 h5 23. h3 Nd7 24. Kf1 Ne5 25. Bxe5 Rxe5 26. Rac1 hxg4 27.
hxg4 g6 28. Nc5 Kg7 29. Rc3 Rh8 30. Kg2 Re3 1/2-1/2

[Event "Victor Ciocaltea Mem"]
[Site "?"]
[Date "2001.??.??"]
[Round "9"]
[White "Iordachescu, Viorel"]
[Black "Navrotescu , Catalin"]
[Result "0-1"]
[WhiteElo "2575"]
[BlackElo "2450"]
[Annotator "Unreadable"]
[PlyCount "52"]
[EventDate "2001.??.??"]
[Source " during import"]
[SourceDate "2129920.??.??"]

1. e4 c5 2. Nf3 d6 3. d4 cxd4 4. Nxd4 Nf6 5. Nc3 a6 6. Be3 e5 7. Nb3 Be6 8. f3
Nbd7 9. Qd2 b5 10. a4 b4 11. Nd5 Bxd5 12. exd5 Nb6 13. Bxb6 Qxb6 14. a5 Qb7 15.
Bc4 g6 16. Ra4 Rb8 17. Nc1 h5 18. Na2 Bh6 19. Qd3 O-O 20. Kd1 Qa7 21. h3 Qf2
22. Rxb4 e4 23. fxe4 Nxe4 24. Re1 Nc5 25. Qc3 Qxg2 26. Qd4 Rbe8 0-1

[Event "Victor Ciocaltea Mem"]
[Site "?"]
[Date "2001.??.??"]
[Round "11"]
[White "Brodsky, M."]
[Black "Navrotescu , Catalin"]
[Result "1/2-1/2"]
[WhiteElo "2525"]
[BlackElo "2450"]
[Annotator "Unreadable"]
[PlyCount "40"]
[EventDate "2001.??.??"]
[Source " during import"]
[SourceDate "2129920.??.??"]

1. e4 c5 2. Nf3 d6 3. d4 cxd4 4. Nxd4 Nf6 5. Nc3 Nc6 6. f3 e6 7. Be3 Be7 8. Qd2
a6 9. O-O-O O-O 10. g4 Nxd4 11. Bxd4 b5 12. Kb1 Bb7 13. a3 Nd7 14. Rg1 Ne5 15.
Qe3 Nc6 16. Bb6 Qc8 17. g5 b4 18. axb4 Nxb4 19. Bh3 Bc6 20. Ba5 Qb7 1/2-1/2

[Event "ch-ROM Man Baile Tusnad ROM"]
[Site "?"]
[Date "2001.??.??"]
[Round "1"]
[White "Navrotescu , Catalin"]
[Black "Lupulescu, Constantin"]
[Result "1/2-1/2"]
[WhiteElo "2450"]
[BlackElo "2345"]
[Annotator "BH"]
[PlyCount "63"]
[EventDate "2001.??.??"]
[Source "b/signature.htm"]
[SourceDate "3188127.01.02"]

1. Nf3 Nf6 2. g3 g6 3. Bg2 d5 4. O-O Bg7 5. d3 c5 6. Nbd2 Nc6 7. e4 O-O 8. c3
e5 9. exd5 Nxd5 10. Re1 Re8 11. a4 h6 12. Nc4 Bf5 13. a5 Nc7 14. Bf1 Nd5 15.
Nfd2 Be6 16. Bg2 Qe7 17. Qa4 Rac8 18. Nf3 Qc7 19. Bd2 Rcd8 20. Qb5 a6 21. Qa4
Bf5 22. Bf1 Nf6 23. Be3 Bf8 24. Rad1 Nd5 25. Bc1 Bg7 26. Bg2 Nf6 27. Bf1 Nd5
28. Bg2 Nf6 29. Be3 Bf8 30. Bf1 Nd5 31. Bc1 Bg7 32. Bg2 1/2-1/2

[Event "ch-ROM Man Baile Tusnad ROM"]
[Site "?"]
[Date "2001.??.??"]
[Round "2"]
[White "Ionescu, Doru Alexandru"]
[Black "Navrotescu , Catalin"]
[Result "1/2-1/2"]
[WhiteElo "2390"]
[BlackElo "2450"]
[Annotator "BH"]
[PlyCount "85"]
[EventDate "2001.??.??"]
[Source "b/signature.htm"]
[SourceDate "3188127.01.02"]

1. e4 c5 2. d3 d5 3. Nd2 Nc6 4. g3 Nf6 5. Bg2 e5 6. Ngf3 Be7 7. O-O O-O 8. exd5
Nxd5 9. Re1 f6 10. Nh4 Rf7 11. Nc4 Bf8 12. c3 b5 13. Ne3 Be6 14. Nhf5 g6 15.
Qf3 Nxe3 16. Nxe3 Rc8 17. Nd5 Bg7 18. Nf4 Bf5 19. g4 Bd7 20. Nd5 Ne7 21. Nxe7+
Rxe7 22. Be3 Bc6 23. Qe2 Bxg2 24. Kxg2 Qd5+ 25. f3 f5 26. h3 Rd7 27. Red1 b4
28. Qc2 Rcd8 29. Bg5 Rb8 30. Be3 Rf7 31. Rf1 bxc3 32. bxc3 c4 33. dxc4 Qxc4 34.
Rab1 Rc8 35. Rb3 h5 36. gxh5 gxh5 37. Rg1 Qc6 38. Qf2 e4 39. Bd4 Kh7 40. fxe4
Qxe4+ 41. Kh2 Bxd4 42. Qxd4 Qxd4 43. cxd4 1/2-1/2

[Event "ch-ROM Man Baile Tusnad ROM"]
[Site "?"]
[Date "2001.??.??"]
[Round "3"]
[White "Navrotescu , Catalin"]
[Black "Nanu, Ciprian-Costica"]
[Result "1-0"]
[WhiteElo "2450"]
[BlackElo "2415"]
[Annotator "BH"]
[PlyCount "73"]
[EventDate "2001.??.??"]
[Source "b/signature.htm"]
[SourceDate "3188127.01.02"]

1. d4 Nf6 2. c4 g6 3. Nc3 Bg7 4. e4 O-O 5. Nf3 c6 6. Bd3 d5 7. e5 Ne8 8. cxd5
cxd5 9. h3 Nc6 10. O-O Nc7 11. Re1 f6 12. exf6 Bxf6 13. Bh6 Re8 14. Bc2 Qd6 15.
Qd2 Bg7 16. Bf4 Qd8 17. Bxc7 Qxc7 18. Nxd5 Qd8 19. Rad1 Rf8 20. Bb3 Kh8 21. Qe3
Bd7 22. Ne5 Nxe5 23. dxe5 Bc6 24. Nf4 Qb6 25. Ne6 Qxe3 26. Rxe3 Rfc8 27. f4 a5
28. Red3 a4 29. Bd5 h6 30. Bxc6 Rxc6 31. Nxg7 Kxg7 32. Rd7 Kf7 33. Rxb7 a3 34.
bxa3 Rxa3 35. Rd6 Rc1+ 36. Kh2 Rxa2 37. Rf6+ 1-0

[Event "ch-ROM Man Baile Tusnad ROM"]
[Site "?"]
[Date "2001.??.??"]
[Round "4"]
[White "Navrotescu , Catalin"]
[Black "Manea, Alexandru"]
[Result "1-0"]
[WhiteElo "2450"]
[BlackElo "2300"]
[Annotator "BH"]
[PlyCount "83"]
[EventDate "2001.??.??"]
[Source "b/signature.htm"]
[SourceDate "3188127.01.02"]

1. d4 d5 2. c4 c6 3. Nf3 Nf6 4. e3 Bf5 5. Nc3 e6 6. Nh4 Bg6 7. Qb3 Qb6 8. c5
Qc7 9. Nxg6 hxg6 10. g3 Nbd7 11. Bg2 b6 12. cxb6 axb6 13. Bd2 b5 14. O-O b4 15.
Ne2 Qb6 16. Nf4 Rb8 17. Nd3 Be7 18. Rfc1 Ne4 19. Be1 c5 20. Qa4 cxd4 21. Ne5
Qb7 22. exd4 Bd6 23. Nc6 Ra8 24. Qb3 Ra6 25. Nxb4 Rb6 26. a3 O-O 27. Rc2 g5 28.
Rac1 g4 29. h3 gxh3 30. Bxh3 Ndf6 31. Qd3 g6 32. Qe3 Kg7 33. Kg2 Nh5 34. Bg4
Rh8 35. Bxh5 Rxh5 36. Rc8 Qd7 37. f3 Nf6 38. Nd3 e5 39. g4 exd4 40. Qxd4 Rh2+
41. Kg1 Rb8 42. Bc3 1-0

[Event "ch-ROM Man Baile Tusnad ROM"]
[Site "?"]
[Date "2001.??.??"]
[Round "5"]
[White "Foisor, Ovidiu Doru"]
[Black "Navrotescu , Catalin"]
[Result "1/2-1/2"]
[WhiteElo "2405"]
[BlackElo "2450"]
[Annotator "BH"]
[PlyCount "23"]
[EventDate "2001.??.??"]
[Source "b/signature.htm"]
[SourceDate "3188127.01.02"]

1. Nf3 Nf6 2. g3 d5 3. c4 c6 4. cxd5 cxd5 5. d4 Nc6 6. Nc3 Bf5 7. Bg2 e6 8. O-O
Be7 9. Nh4 Bg4 10. h3 Bh5 11. g4 Bg6 12. Nxg6 1/2-1/2

[Event "ch-ROM Man Baile Tusnad ROM"]
[Site "?"]
[Date "2001.??.??"]
[Round "7"]
[White "Danilov, Ilie Vladimir"]
[Black "Navrotescu , Catalin"]
[Result "0-1"]
[WhiteElo "2340"]
[BlackElo "2450"]
[Annotator "BH"]
[PlyCount "26"]
[EventDate "2001.??.??"]
[Source "b/signature.htm"]
[SourceDate "3188127.01.02"]

1. d4 Nf6 2. c4 c5 3. d5 b5 4. cxb5 a6 5. e3 g6 6. Nc3 Bg7 7. a4 O-O 8. Ra3 e6
9. Nf3 Bb7 10. dxe6 fxe6 11. Qd6 Qc8 12. b4 cxb4 13. Qxb4 Nd5 0-1

[Event "ch-ROM Man Baile Tusnad ROM"]
[Site "?"]
[Date "2001.??.??"]
[Round "8"]
[White "Navrotescu , Catalin"]
[Black "Ionescu, Constantin"]
[Result "1/2-1/2"]
[WhiteElo "2450"]
[BlackElo "2500"]
[Annotator "BH"]
[PlyCount "29"]
[EventDate "2001.??.??"]
[Source "b/signature.htm"]
[SourceDate "3188127.01.02"]

1. d4 Nf6 2. c4 e6 3. Nc3 Bb4 4. e3 O-O 5. Bd3 c5 6. Nf3 d5 7. O-O dxc4 8. Bxc4
Nbd7 9. Qe2 b6 10. d5 Bxc3 11. dxe6 Ne5 12. bxc3 Nxf3+ 13. Qxf3 Bxe6 14. Bxe6
fxe6 15. e4 1/2-1/2